Quizzes
Events
Quiz Creation
Community
Videos
Private Events
Remove Ads
Sign In
Join for FREE
Feedback
Dark Mode
Quiz Categories
Sports
Geography
Music
Movies
Television
Just For Fun
Miscellaneous
History
Literature
Language
Science
Gaming
Entertainment
Religion
Holiday
For Kids
Quiz Lab
Recent
Popular Today
Quiz Kudos Today
Editor Picks
Curator Picks
Quizzes by...
Day
Popularity
Type
Ratings
Length
Year
Community
Subscriptions
Recent Discussions
Orange Saloon
Badges
Playlists
Quests
Create
Leaderboards
Showdown
Live 5
Trivia Bingo
Activity
Puzzle Library
Sporcle Events
Private Events
Virtual Trivia
Globe League
Become a Host
Pub Owners
SporcleCon
Opinionation
Our Games
Videos
Blog
Mobile Apps
Partnerships
Remove Ads and Go Orange
Feedback
Sports
Athletes
MLB
NBA
NHL
NFL
Soccer
Sports Teams
WWE
NCAA
Football
Premier League
Basketball
Baseball
Hockey
Golf
Tennis
Cricket
Rugby
Auto Racing
Olympics
World Cup
Sports
Athletes
MLB
NBA
NHL
NFL
Soccer
Sports Teams
WWE
NCAA
Football
Premier League
Basketball
Baseball
Hockey
Golf
Tennis
Cricket
Rugby
Auto Racing
Olympics
World Cup
Random Quiz
Search Sporcle
×
Quiz Lab
Quiz Lab
Sports
German
Type in answers that appear in a list
Type in answers that appear in a list
Classic
Best Score? Go Orange.
Ski Jumping Hill Records Holders Stats
Can you name the current ski jumping Hill Records holders?
By
adrian10
8m
60 Questions
755 Plays
755 Plays
755 Plays
Comments
Comments
Give Quiz Kudos
Give Quiz Kudos
-
- Ratings
hide this ad
Replay
Link that replays current quiz
Next Quiz
Link to next quiz in quiz playlist
You Got
0%
They Got
Avg Score
56%
Avg Friend Score
Upgrade to see
Score Distribution
Jump to the score distribution portion of the page
Score
0/60
Timer
08:00
0
Plays Today
Hill
Ski Jumper
% Correct
Engelberg HS 137 (SUI)
Janne Ahonen, Simon Ammann
95.8%
Liberec HS 134 (CZE)
Thomas Morgenstern, Janne Ahonen
95.6%
Titisee-
Neustadt HS 142 (GER)
Sven Hannawald, Adam Małysz
94%
Sapporo HS 98 (JPN)
Adam Małysz
92.3%
Predazzo HS 134 (ITA)
Adam Małysz
92.3%
Bad Mitterndorf HS 200 (AUT)
Gregor Schlierenzauer
91.3%
Kuusamo HS 142 (FIN)
Gregor Schlierenzauer
91.3%
Whistler HS 140 (CAN)
Gregor Schlierenzauer
91.3%
Oslo HS 106 (NOR)
Gregor Schlierenzauer
91.3%
Einsiedeln HS 117 (SUI)
Gregor Schlierenzauer
91.3%
Zakopane HS 134 (POL)
Simon Ammann
91%
Whistler HS 106 (CAN)
Simon Ammann
91%
Garmisch-
Partenkirchen HS 140 (GER)
Simon Ammann
91%
Lillehammer HS 138 (NOR)
Simon Ammann
91%
Pragelato HS 140 (ITA)
Simon Ammann
91%
Willingen HS 145 (GER)
Janne Ahonen
90.5%
Solleftea HS 120 (SWE)
Thomas Morgenstern
88.9%
Harrachov HS 205 (CZE)
Matti Hautamäki, Thomas Morgenstern
86.9%
Courchevel HS 132 (FRA)
Kamil Stoch
83.8%
Almaty HS 140 (KAZ)
Kamil Stoch
83.8%
Planica HS 140 (SLO)
Noriaki Kasai
83.2%
Innsbruck HS 130 (AUT)
Sven Hannawald
79.1%
Salt Lake City HS 100 (USA)
Sven Hannawald
79.1%
Bischofshofen HS 140 (AUT)
Daiki Itō
78.7%
Trondheim HS 140 (NOR)
Daiki Itō
78.7%
Falun HS 124 (SWE)
Matti Hautamäki
74.4%
Oslo HS 134 (NOR)
Andreas Kofler
69%
Chamonix HS 102 (FRA)
Kazuyoshi Funaki
68.3%
Hakuba HS 131 (JPN)
Masahiko Harada, Takanobu Okabe
68.2%
Planica HS 215 (SLO)
Bjørn Einar Romøren
64.6%
Hill
Ski Jumper
% Correct
Salt Lake City HS 134 (USA)
Wolfgang Loitzl
60.9%
Kuopio HS 127 (FIN)
Masahiko Harada
60%
Pine Mountain HS 133 (USA)
Masahiko Harada
60%
Harrachov HS 142 (CZE)
Martin Koch
58.1%
Oberstdorf HS 213 (GER)
Harri Olli
55.8%
Vikersund HS 225 (NOR)
Johan Remen Evensen
53.5%
Lahti HS 116 (FIN)
Andreas Widhölzl
51.1%
Nizhniy Novgorod HS 117 (RUS)
Dmitri Vassiliev
48.5%
Oberstdorf HS 137 (GER)
Sigurd Pettersen
47%
Klingenthal HS 140 (GER)
Michael Uhrmann
46%
Otepää HS 98 (EST)
Stefan Kraft
45.8%
Sapporo HS 134 (JPN)
Roar Ljøkelsøy
43.3%
Lahti HS 97 (FIN)
Jurij Tepeš
39.7%
Oberstdorf HS 106 (GER)
Rok Benkovič
35.8%
Thunder Bay HS 134 (CAN)
Tommy Ingebrigtsen
34.3%
Oberhof HS 140 (GER)
Anssi Koivuranta
16.6%
Yabuli HS 140 (CHN)
Hyun-ki Kim, Jörg Ritzerfeld
16%
Lake Placid HS 130 (USA)
Veli-Matti Lindström
15.6%
Pragelato HS 106 (ITA)
Dmitri Ipatov
15.5%
Calgary HS 95 (CAN)
Isak Grimholm
10.1%
Ruhpolding HS 128 (GER)
Stefan Thurnbichler
7.9%
St. Moritz HS 100 (SUI)
Thomas Thurnbichler
7.9%
Szczyrk HS 106 (POL)
Krzysztof Leja
7%
Predazzo HS 106 (ITA)
Sarah Hendrickson
6.8%
Wisła HS 134 (POL)
Bartłomiej Kłusek
6.8%
Velenje HS 94 (SLO)
Hiroki Yamada
4.2%
Erzurum HS 140 (TUR)
Matej Dobovšek
2.6%
Villach HS 98 (AUT)
David Unterberger
1.7%
Muju HS 131 (KOR)
Yoshikaru Ikeda
1.1%
Hakuba HS 98 (JPN)
Masaki Tommi
0.9%
Quiz Playlist
Details
Report
Send in Message
Add To Playlist
Classic:
Type in answers that appear in a list
Last Updated: Feb 16, 2017
Quiz Scoreboard
CHALLENGE
Sign Up to Join the Scoreboard
Show All
Scores
Hide
Comments
May contain spoilers
Recently Published
One Thing in Common: World Cities II
by knightlancer
Geography
7m
Popular People in 1961
by mucciniale
History
6m
1-10 Letter E Words III
by El_Dandy
Language
2m
More to Explore
Quiz From the Vault
Featured Blog Post
Where Did the Easter Bunny Come From?
hide this ad
You Might Also Like...
Tags
German Quiz
Austria
Finland
hill
Jumper
Jumping
record
Record Holders
ski
Ski Championships
Skiing
Today's Top Quizzes in Sports
Browse Sports
hide this ad
Today's Top Quizzes in German
Browse German
Top Contributed Quizzes in Sports
1
2022 World Cup Stars
2
Les entraîneurs de l'OM et du PSG au 21e siècle
3
FIFA Club World Cup Champions
4
Criteria MLB: Left Handed Sluggers
5
Les meilleurs buteurs des matchs entre le PSG et l’OM
6
Name the Premier League winners with different clubs
7
Players with Multiple 50 Home Run Seasons
8
MLB Players with Two .350 Batting Average Seasons
9
La finale Lions - Afrique du Sud 2021
10
MLB Hall of Famer by Rings
Explore More
Trending Topics
Anime
Kpop
Harry Potter
Marvel
Crossword
Disney
NBA
Country
Pokémon
Song
NFL
Puzzle
WWE
Soccer
The Office
hide this ad
More By:
adrian10
Quiz
Plays
Rating
Category
Featured
Created
Champions League Goalscorers: Liverpool
7,917
4.81
Sports
Jan 2, 2013
Champions League Goalscorers: Manchester United
7,551
4.82
Sports
Dec 18, 2012
FIFA World Cup and UEFA Champions League winners
7,269
4.55
Sports
Jun 25, 2011
Champions League Goalscorers: FC Barcelona
6,838
4.93
Sports
Dec 17, 2012
Champions League Goalscorers: AC Milan
6,629
4.55
Sports
Dec 20, 2012
Go to Creator's Profile
Score Distribution
Quiz Creator Spotlight
adrian10
Follow
Send a Message
Quizzes Created
-
Created Quiz Play Count
-
More By This Creator
Popular Quizzes Today
1
Find the US States - No Outlines Minefield
2
The Countries of the World
3
Popular People in 1961
4
Find the Countries of Europe - No Outlines Minefield
5
1-10 Letter E Words III
6
Find the US States
7
One Thing in Common: World Cities II
8
US States
More Sports Quizzes
2022 NBA Starting Lineups Alma Maters
Quiz Lab
Trending Quizzes
Country Music Stars Doing Things
Get the Picture: Carrie or Dolly
1-10 Letter F Words
1-10 Letter G Words
Risky Map Clicking: Next State Alphabetically
Recently Updated
Leaping Animals
pecheneg
Reality TV Shows (A-Z)
bhenderson79
Rickey Henderson's Hall of Fame Teammates
pecheneg
Champions League XIs: Arsenal
pecheneg
Quick Pick: Celebrities in WWE's Hall of Fame
aduchscher
A-Z Keypad Blitz II
pecheneg
Multiple Oscar Actors
pecheneg
Mystery Phrase Blitz: Oscar 'Best Actors'
pecheneg
F. Scott Fitzgerald Novels
LTH
Pick 3 Villains
ddd62291
Trending Topics
Kpop
Disney
Anime
Harry Potter
Marvel
NBA
Crossword
Soccer
NFL
Pokémon
The Office
Puzzle
Song
Country
WWE
Your Account Isn't Verified!
In order to create a playlist on Sporcle, you need to verify the email address you used during registration. Go to your
Sporcle Settings
to finish the process.
Report this User
Report this user for behavior that violates our
Community Guidelines
.
Details:
Send Report
Go to the Sporcle.com Mobile Site →
Comments